| 000 | 00560nam a2200217Ia 4500 | ||
|---|---|---|---|
| 005 | 20240116092022.0 | ||
| 008 | 131103s9999 xx 000 0 und d | ||
| 020 | _cRs 75 | ||
| 040 | _aLoreto College | ||
| 041 | _aEnglish | ||
| 082 |
_a370 _bMAJ |
||
| 100 | _aMajumdar,Tapas | ||
| 245 |
_aInvestment in Education and Social Choice, _cTapas Majumdar |
||
| 260 |
_aHyderabad _bOrient Longman _c1983 |
||
| 300 | _axiv,122p. | ||
| 504 | _aIncludes references and index | ||
| 650 | _aEducation | ||
| 651 | _aEducation | ||
| 850 | _aLCLIB | ||
| 942 | _cBK | ||
| 999 |
_c2959 _d53438 |
||